[Event "Brno Duras op-A"]
[Site "Brno"]
[Date "2010.06.30"]
[Round "4"]
[White "Turza, Pavel"]
[Black "Nemec, Miloslav"]
[Result "1/2-1/2"]
[WhiteElo "1811"]
[BlackElo "1922"]
[PlyCount "24"]
[EventDate "2010.06.27"]
[EventType "swiss"]
[EventRounds "9"]
[EventCountry "CZE"]
[SourceTitle "CBM 137 Extra"]
[Source "ChessBase"]
[SourceDate "2010.09.01"]
[SourceVersion "1"]
[SourceVersionDate "2010.09.01"]
[SourceQuality "1"]

1. d4 Nf6 2. e3 d5 3. Ne2 e6 4. Ng3 c5 5. c3 Nc6 6. f4 Bd7 7. Bd3 c4 8. Bc2 Ne7 9. 0-0 Nf5 10. e4 Nxg3 11. hxg3 Nxe4 12. Bxe4 dxe4 1/2-1/2

[Event "Brno Duras op-A"]
[Site "Brno"]
[Date "2009.07.04"]
[Round "8"]
[White "Turza, Pavel"]
[Black "Gajdos, Daniel"]
[Result "1-0"]
[WhiteElo "1837"]
[BlackElo "1774"]
[PlyCount "79"]
[EventDate "2009.06.26"]
[EventType "swiss"]
[EventRounds "9"]
[EventCountry "CZE"]
[SourceTitle "CBM 131 Extra"]
[Source "ChessBase"]
[SourceDate "2009.09.03"]
[SourceVersion "2"]
[SourceVersionDate "2009.09.16"]
[SourceQuality "1"]

1. e4 e5 2. Nc3 Nf6 3. Nf3 Nc6 4. d3 d5 5. Bd2 Bb4 6. Be2 d4 7. Nb1 Bxd2+ 8. Nbxd2 0-0 9. Nf1 Qd6 10. Qd2 h6 11. Ng3 Ne7 12. Nh4 c5 13. 0-0 Be6 14. f4 b5 15. f5 Bd7 16. Rf2 Rac8 17. Nf1 c4 18. Qe1 cxd3 19. Bxd3 Bc6 20. Qe2 Qb4 21. Rb1 Qa4 22. a3 Rb8 23. g4 b4 24. axb4 Rxb4 25. b3 Qa5 26. Rg2 Nh7 27. f6 Nxf6 28. g5 hxg5 29. Rxg5 g6 30. Ng3 Nh7 31. Rg4 Nf6 32. Rf1 Nxg4 33. Qxg4 Qc7 34. Ngf5 Be8 35. Kh1 Rb6 36. Nf3 Nxf5 37. exf5 Bc6 38. Kg1 Bxf3 39. Rxf3 f6 40. Bc4+ 1-0